000 00349 a2200145 4500
245 _aWaiting for Godot
_hText
020 _a057109287x
250 _aEducational ed
100 _aBeckett,Samuel
650 _aENGLISH LITERATURE
005 20191021095247.0
260 _aGreat Britain
_bFaber and Faber
_c1971
041 _aEnglish
084 _aNONE
999 _c12019
_d12019